Central Library OPAC University of Rajshahi

Agriculture in Bangladesh : (Record no. 37561)

MARC details
000 -LEADER
fixed length control field 00961nam a2200289 a 4500
001 - CONTROL NUMBER
control field 37561
003 - CONTROL NUMBER IDENTIFIER
rucl marc code BD-RjUL
005 - DATE AND TIME OF LATEST TRANSACTION
control field 20211209052625.0
008 - FIXED-LENGTH DATA ELEMENTS--GENERAL INFORMATION
fixed length control field 150126s1991 bg bf b 001 0 eng
020 ## - INTERNATIONAL STANDARD BOOK NUMBER
International Standard Book Number 984051153X :
035 ## - SYSTEM CONTROL NUMBER
System control number (BD-RjUL)37665
040 ## - CATALOGING SOURCE
Original cataloging agency DLC
Transcribing agency DLC
Modifying agency DLC
Language of cataloging eng
041 ## - LANGUAGE CODE
Language code of text/sound track or separate title eng
082 00 - DEWEY DECIMAL CLASSIFICATION NUMBER
Classification number 338.1095492
Edition number 20
Author mark and year HOA 1991
100 1# - MAIN ENTRY--PERSONAL NAME
Personal name Hossain, Mosharaff.
9 (RLIN) 115364
245 10 - TITLE STATEMENT
Title Agriculture in Bangladesh :
Remainder of title performance, problems, and prospects /
Statement of responsibility, etc. Mosharaff Hossain.
260 ## - PUBLICATION, DISTRIBUTION, ETC. (IMPRINT)
Place of publication, distribution, etc. Dhaka :
Name of publisher, distributor, etc. University Press,
Date of publication, distribution, etc. 1991.
300 ## - PHYSICAL DESCRIPTION
Pagination xiv, 464 p., [2] p. of plates :
Illustrations maps ;
Size 22 cm.
500 ## - GENERAL NOTE
General note Includes index.
504 ## - BIBLIOGRAPHY, ETC. NOTE
Bibliography, etc Includes bibliographical references (p. [449]-459).
650 #0 - SUBJECT ADDED ENTRY--TOPICAL TERM
Topical term or geographic name as entry element Agriculture
Geographic subdivision Bangladesh.
9 (RLIN) 115140
Topical term or geographic name as entry element Agriculture
General subdivision Economic aspects
Geographic subdivision Bangladesh.
9 (RLIN) 115365
Topical term or geographic name as entry element Agricultural productivity
Geographic subdivision Bangladesh.
9 (RLIN) 115366
942 ## - ADDED ENTRY ELEMENTS (KOHA)
Source of classification or shelving scheme Dewey Decimal Classification
Koha item type Books
Holdings
Lost status Source of classification or shelving scheme Damaged status Not for loan Permanent Location Current Location Shelving location Date acquired Total Checkouts Full call number Date last seen Copy number Koha item type
  Dewey Decimal Classification   Not For Loan Institute of Biological Sciences (IBSc) Library Institute of Biological Sciences (IBSc) Library   26/01/2015   338.1095492 HOA 1991 26/01/2015 C-1 Books